[Event "Summer Chess Classic-A 2019"]
[Site "Saint Louis"]
[Date "2019.06.27"]
[Round "9.3"]
[White "Swiercz, Dariusz"]
[Black "Shankland, Sam"]
[Result "1/2-1/2"]
[WhiteElo "2667"]
[BlackElo "2717"]
[Annotator "TA"]
[PlyCount "99"]
[EventDate "2019.06.18"]
[EventType "tourn"]
[EventCountry "USA"]
[SourceTitle "playchess.com"]
[Source "ChessBase"]
[SourceQuality "1"]

{[%evp 15,99,33,28,17,28,9,32,40,35,-20,-21,-8,-18,-26,10,-15,-26,-20,-19,-44,-19,-37,-17,-31,-32,-62,-10,-7,-7,-14,-6,-37,-3,-87,0,0,0,-18,-12,-2,58,27,74,27,176,144,167,30,26,45,47,0,0,-14,-18,-18,0,-87,-8,-53,0,0,0,0,0,0,0,0,0,0,0,0,0,0,0,0,0,0,0,0,0,0,0,0,0,0]} 1. d4 d5 2. Nf3 Nf6 3. c4 c6 4. e3 Bf5 5. Nc3 e6 6. Nh4 Be4 7. f3 Bg6 8. Qb3 Qc7 9. Bd2 {D12: Slav Defence: 3 Nf3 Nf6 4 e3 Bf5} Be7 10. g3 a6 11. Nxg6 {White is slightly better.} hxg6 12. Qc2 $146 ({Better is} 12. c5 $14) ({Predecessor:} 12. a4 Nbd7 13. Rc1 Rd8 14. a5 Rh5 15. cxd5 exd5 16. Be2 Nf8 {0-1 (61) Buhmann,R (2568)-Vallejo Pons,F (2698) Skopje 2019}) 12... dxc4 $11 13. Bxc4 c5 14. dxc5 Bxc5 15. Rc1 Nc6 16. Ne4 Bb6 17. b4 Nd5 18. Qb3 Rd8 19. f4 O-O 20. a3 Rd7 (20... Nf6 $15 21. Nxf6+ gxf6) 21. h4 Nf6 22. Nxf6+ $1 gxf6 23. h5 {[#] aiming for hxg6.} g5 24. h6 (24. Qb2 $11) 24... Ne5 (24... Kh7 $17) 25. h7+ Kh8 26. Be2 Qd8 {[#] Strongly threatening ...Nd3+.} 27. Qb2 $1 $132 {[%mdl 2048] White has counterplay} gxf4 (27... Nc6 $11) 28. gxf4 $14 Ng6 ({Avoid the trap} 28... Nd3+ $2 29. Bxd3 Qe7 30. Ke2 $18) 29. Rh3 Kg7 (29... Rd6 $11) 30. Bc3 $18 Rh8 31. Rd1 (31. Bf1 $18) 31... Rxd1+ $1 $11 32. Bxd1 {And now Bc2 would win.} Qe7 33. Bc2 Bd8 34. Bxg6 fxg6 35. Qh2 Qc7 36. Bb2 (36. e4 $11 {remains equal.}) 36... Be7 ({Black should try} 36... a5 $17) 37. Qg2 Qc6 (37... Qd7 $1 $15) 38. Qxc6 {The position is equal.} bxc6 {[%mdl 4096] Endgame KRB-KRB} 39. e4 $1 Rxh7 40. Rc3 $1 Rh1+ 41. Kd2 Rh2+ 42. Kc1 Kf7 43. Rxc6 g5 44. fxg5 fxg5 45. Rxa6 g4 46. Be5 Re2 47. Ra7 {Black must now prevent Bd6.} Ke8 48. Ra8+ Kf7 49. Ra7 {Threatens to win with Bd6.} Ke8 50. Ra8+ {Accuracy: White = 41%, Black = 44%.} 1/2-1/2

[Event "Summer Chess Classic-A 2019"]
[Site "Saint Louis"]
[Date "2019.06.28"]
[Round "10.1"]
[White "Xiong, Jeffery"]
[Black "Swiercz, Dariusz"]
[Result "1/2-1/2"]
[WhiteElo "2684"]
[BlackElo "2667"]
[Annotator "TA"]
[PlyCount "60"]
[EventDate "2019.06.18"]
[EventType "tourn"]
[EventCountry "USA"]
[SourceTitle "playchess.com"]
[Source "ChessBase"]
[SourceQuality "1"]

{[%evp 9,60,11,27,0,10,5,8,12,12,9,9,16,10,9,9,9,9,12,17,7,0,4,9,5,6,8,39,31,47,44,39,47,41,32,32,31,28,21,29,35,45,24,15,34,20,0,0,0,0,0,0,0,0]} 1. d4 Nf6 2. c4 e6 3. Nc3 Bb4 4. Nf3 d5 5. cxd5 exd5 6. Bf4 {D38: Queen's Gambit Declined: Ragozin Defence (4 Nf3 Bb4)} (6. Bg5 h6 7. Bh4 O-O 8. e3 Bf5 9. Be2 Nbd7 10. Qb3 Ba5 11. O-O c6 12. Ne5 Qb6 13. Nxd7 Nxd7 14. Rfc1 Qxb3 15. axb3 {½-½ (26) Giri,A (2797)-Navara,D (2739) Shamkir 2019}) 6... Ne4 7. Rc1 Nd7 $146 ({Predecessor:} 7... Bxc3+ 8. bxc3 g5 9. Be3 f5 10. g3 Rf8 11. Qb3 f4 12. gxf4 gxf4 13. Bd2 Nc6 {0-1 (48) Sjugirov,S (2650)-Ni,H (2671) Riadh 2017}) 8. Nd2 Nxc3 9. bxc3 Ba3 10. Rb1 Nb6 11. Qc2 Bd7 12. e3 Qe7 13. Bb5 c6 14. Bd3 c5 15. dxc5 Bxc5 16. Nb3 Bd6 {[#] Hoping for ...Bxf4.} 17. O-O Rc8 18. Nd4 g6 19. Nb5 Bxb5 20. Bxb5+ Kf8 21. Bxd6 Qxd6 22. a4 {[%cal Ba2a4,Ba4a5][%mdl 32]} Kg7 23. Qd2 Rc7 24. a5 Nc8 25. Qd4+ Qf6 26. Be2 Rd8 27. Bg4 {The position is equal.} Rc4 28. Qxf6+ Kxf6 29. Bxc8 Rdxc8 30. Rxb7 R8c7 {Accuracy: White = 78%, Black = 83%.} 1/2-1/2

[Event "Summer Chess Classic-A 2019"]
[Site "Saint Louis"]
[Date "2019.06.28"]
[Round "10.2"]
[White "Shankland, Sam"]
[Black "Le, Quang Liem"]
[Result "1/2-1/2"]
[WhiteElo "2717"]
[BlackElo "2694"]
[Annotator "TA"]
[PlyCount "75"]
[EventDate "2019.06.18"]
[EventType "tourn"]
[EventCountry "USA"]
[SourceTitle "playchess.com"]
[Source "ChessBase"]
[SourceQuality "1"]

{[%evp 16,75,25,17,7,11,19,0,12,-50,-14,-6,-11,-13,-8,-35,0,0,20,16,16,17,15,22,20,8,33,5,2,9,42,41,38,42,50,50,50,41,43,43,60,60,69,43,41,17,39,11,37,16,22,2,41,18,42,0,0,0,0,0,0,0]} 1. c4 Nf6 2. Nf3 b6 3. g3 Bb7 4. d4 e6 5. Bg2 Be7 6. O-O O-O 7. Nc3 Ne4 8. Bd2 f5 9. Rc1 Bf6 {E18: Queen's Indian: Old Main Line (4 g3 Bb7 5 Bg2 Be7 6 0-0 0-0 7 Nc3)} 10. e3 c5 $146 ({Predecessor:} 10... a5 11. Qe2 Na6 12. Rfd1 Qe7 13. Ne1 Nxc3 14. Bxc3 Bxg2 15. Nxg2 d5 16. cxd5 exd5 17. Qb5 {1-0 (54) Ikonnikov,V (2528)-Schwing,H (2338) Baden 2017}) 11. dxc5 bxc5 12. Qb3 (12. Ne1 $11) 12... Qb6 13. Rfd1 d6 14. Ne1 Nd7 15. Nd3 Rab8 (15... Nxc3 {is interesting.} 16. Bxc3 Bxg2 17. Kxg2 Qc6+ 18. Kg1 Rab8) 16. Qxb6 Nxb6 17. b3 Nxc3 18. Bxc3 Bxc3 19. Rxc3 Kf7 20. Re1 Nd7 21. e4 fxe4 22. Bxe4 Nf6 (22... Bxe4 {feels hotter.} 23. Rxe4 a5 24. Kg2 g5 25. f4 Nf6) 23. Bxb7 Rxb7 24. f4 a5 25. Nb2 Rc7 26. Na4 Re8 27. Kg2 e5 28. fxe5 dxe5 29. Rce3 e4 30. Nc3 {[%cal Rc3e4]} Rce7 31. h3 h5 32. Kf2 Re5 33. R1e2 Kg6 34. Ke1 Kg5 35. Rf2 Rd8 {The position is equal.} 36. Rf4 {[%cal Rc3e4]} Rd4 37. Ke2 Kg6 38. Rh4 {Accuracy: White = 35%, Black = 43%.} 1/2-1/2

[Event "Summer Chess Classic-A 2019"]
[Site "Saint Louis"]
[Date "2019.06.28"]
[Round "10.3"]
[White "Jones, Gawain C B"]
[Black "Howell, David W L"]
[Result "0-1"]
[WhiteElo "2709"]
[BlackElo "2692"]
[Annotator "TA"]
[PlyCount "148"]
[EventDate "2019.06.18"]
[EventType "tourn"]
[EventCountry "USA"]
[SourceTitle "playchess.com"]
[Source "ChessBase"]
[SourceQuality "1"]

{[%evp 9,148,22,18,27,32,0,19,0,12,-15,-5,-5,-4,-7,0,0,0,-12,-20,-22,-6,-15,-9,-23,-19,-34,-36,-19,-29,-26,0,0,0,-48,-57,-119,-124,-125,-121,-108,-103,-97,0,-86,-84,-107,-95,-103,0,-88,-73,-82,-78,-88,-88,-19,0,-75,0,-126,-16,-37,-35,-28,-8,-8,-8,-8,-8,-8,-8,-8,0,-9,-7,-17,0,0,0,0,0,0,0,0,0,0,0,0,0,0,0,-8,0,0,0,0,0,0,0,0,0,0,0,-7,0,0,0,-16,-15,-59,-8,-64,-68,-138,-131,-376,-366,-1454,-1575,-5929,-5929,-29974,-29975,-29975,-29976,-29976,-29977,-29977,-29977,-29980,-29981,-29981,-29982,-29984,-29984,-29985,-29986,-29986,-29987,-29987,-29988]} 1. e4 e5 2. Nf3 Nc6 3. Bb5 Nf6 4. d3 Bc5 5. Bxc6 dxc6 6. O-O {C65: Ruy Lopez: Berlin Defence (3...Nf6), unusual lines and 4 0-0 Bc5} Qe7 (6... Bd6 7. Nbd2 Be6 8. d4 Nd7 9. dxe5 Nxe5 10. Nxe5 Bxe5 11. f4 Qd4+ 12. Kh1 Bd6 13. Qe2 O-O-O {½-½ (44) Leko,P (2702)-Wang,H (2795) Hengshui 2019}) 7. Be3 Bg4 8. Nbd2 {The position is equal.} Nd7 9. Nc4 f6 10. a3 $146 ({Predecessor:} 10. c3 O-O-O 11. b4 Bxe3 12. Nxe3 h5 13. h3 Be6 {0-1 (38) Meglic,J (1943)-Zirkelbach,M (2173) Bled 2016}) 10... O-O 11. b4 Bd6 12. h3 Bh5 13. g4 Bf7 14. Na5 Rfb8 15. Nh4 g6 16. Qd2 $1 c5 {[%cal Rc5b4]} 17. Rab1 cxb4 18. axb4 c5 {[%cal Rc5b4]} 19. b5 Nf8 20. f4 f5 $36 {[%mdl 2048] Black is pushing.} 21. fxe5 Qxh4 22. exd6 (22. Bf4 $1 $15) 22... Qg3+ $17 ({Of course not} 22... Qxh3 $6 23. gxf5 Qg3+ 24. Kh1 $11) 23. Kh1 Qxh3+ 24. Kg1 Qg3+ 25. Kh1 Qh3+ 26. Kg1 fxe4 $1 27. dxe4 Qg3+ 28. Kh1 Qh3+ 29. Kg1 {[#]} Re8 $1 {[%cal Re8e4]} 30. Qf2 Qxg4+ {[%mdl 64] Double Attack} 31. Kh2 Qh5+ 32. Kg1 Qg4+ ({Black should try} 32... g5 $11 33. Qf5 Bg6 34. Qxg5 Qxg5+ 35. Bxg5 Rxe4) 33. Kh2 $1 Qh5+ (33... Ba2 $142 34. c4 Nd7) 34. Kg1 g5 (34... Ba2 $17 35. c4 Qg4+ 36. Kh2 Nd7) 35. Qg2 Bg6 36. Qxg5 Qxg5+ 37. Bxg5 Rxe4 {And now ...Rg4+ would win.} 38. Be7 Rg4+ {[%mdl 64] Discovered Attack} 39. Kh2 Nd7 40. Nxb7 Rc4 41. Nd8 Rxc2+ 42. Kg1 Be4 43. Rf4 Rg2+ {[%mdl 64] Discovered Attack} 44. Kf1 Bxb1 45. Kxg2 Rb8 46. Ne6 Rxb5 (46... h5 {feels hotter.} 47. Ra4 Kf7 48. Ng5+ Kg6 49. Rxa7 Bf5) 47. Nf8 $1 {[%cal Rf8d7]} Rb7 48. Nxd7 Rxd7 $11 {[%mdl 4096] Endgame KRB-KRB} 49. Kg3 Kg7 50. Rf8 a5 51. Kf4 a4 52. Ke5 Ba2 53. Rc8 Kf7 54. Rf8+ Kg7 55. Rf4 Bb3 56. Bf8+ Kg6 57. Rf6+ Kg5 {White must now prevent ...a3.} 58. Be7 Kg4 {Strongly threatening ...a3.} 59. Ke4 Bc2+ (59... Rb7 $15 60. Rf4+ Kg3 61. Rf3+ Kg2) 60. Kd5 ({White should play} 60. Ke5 $11 Bb3 61. Rf4+ Kh3 62. Rf3+ Kg4 63. Rf4+ Kg3 64. Bh4+ Kg2 65. Rf2+ Kh3 66. Bg5) 60... a3 {[%cal Ba4a3,Ba3a2][%mdl 32]} 61. Rf2 (61. Rf1 $15) 61... a2 $17 62. Bf6 $2 (62. Rf1 $17 {was called for.}) 62... Bb3+ $19 63. Kc6 $2 (63. Kxc5 Rf7 64. Rg2+ Kf3 65. d7 Rxd7 66. Rg7 Rd5+ 67. Kb4) 63... Rf7 64. d7 Ba4+ 65. Kd6 {[#]} Rxf6+ $1 {Black mates.} 66. Rxf6 {[#]} Bxd7 $1 {[%mdl 512] KR-KB} 67. Rf1 {[#]} (67. Kxd7 a1=Q) 67... Bf5 $1 {[%cal Rf5b1]} 68. Ke5 Bc2 69. Rc1 h5 70. Kd5 h4 71. Kxc5 h3 72. Kb4 Bb1 73. Rc4+ Kg3 74. Rc3+ Kg2 {Accuracy: White = 45%, Black = 63%.} 0-1